Ako úspešne viesť pracovnú skupinu

Gespeichert in:
Bibliographische Detailangaben
1. Verfasser: Čepelová, Anna
Weitere Verfasser: Mihalčová, Bohuslava, 1963-
Format: Buchkapitel
Sprache:Slowakisch
Tags: Tag hinzufügen
Keine Tags, Fügen Sie das erste Tag hinzu!

MARC

LEADER 00000naa$a2200000$$$4500
001 0205373
005 20240502083515.7
041 0 |a slo 
044 |a CZ 
245 1 0 |a Ako úspešne viesť pracovnú skupinu  |c Anna Čepelová, Bohuslava Mihalčová 
100 1 |a Čepelová, Anna 
700 1 |a Mihalčová, Bohuslava, 1963-